[Event "GER-ch U14"]
[Site "Willingen"]
[Date "2019.06.15"]
[Round "9"]
[White "Matthai, Jakob"]
[Black "Arakelian, Aik"]
[Result "1/2-1/2"]
[WhiteElo "1666"]
[BlackElo "1911"]
[PlyCount "93"]
[EventDate "2019.06.08"]
[EventType "swiss"]
[EventRounds "9"]
[EventCountry "GER"]
[SourceTitle "CBM 191 Extra"]
[Source "ChessBase"]
[SourceDate "2019.09.30"]
[SourceVersion "1"]
[SourceVersionDate "2019.09.30"]
[SourceQuality "1"]

1. e4 c5 2. c3 Nf6 3. e5 Nd5 4. d4 cxd4 5. Nf3 Nc6 6. cxd4 d6 7. Bc4 dxe5 8. dxe5 Ndb4 9. Qb3 e6 10. 0-0 Na5 11. Bb5+ Bd7 12. Qa4 Bxb5 13. Qxb5+ Nac6 14. Qe2 Qd3 15. Nc3 Qxe2 16. Nxe2 Nd3 17. Bf4 Nxf4 18. Nxf4 h6 19. Rfd1 Be7 20. Ne2 Rd8 21. Rxd8+ Kxd8 22. Ned4 a6 23. Nxc6+ bxc6 24. Nd4 Kc7 25. Rc1 c5 26. b4 Rd8 27. Nb3 Rd5 28. f4 Kb6 29. bxc5+ Bxc5+ 30. Nxc5 Rxc5 31. Rd1 g5 32. g3 gxf4 33. gxf4 Rc4 34. Rf1 Kc5 35. Rf2 a5 36. Kg2 Rc3 37. Rd2 a4 38. Rd7 Rc2+ 39. Kg3 Rxa2 40. Rxf7 a3 41. Ra7 Ra1 42. Kh4 Kb4 43. Rb7+ Kc4 44. Ra7 Kd4 45. Kh5 Ke4 46. Ra4+ Kf5 47. Kxh6 1/2-1/2

[Event "GER-ch U14"]
[Site "Willingen"]
[Date "2019.06.14"]
[Round "8"]
[White "Sinnhoefer, Joshua"]
[Black "Matthai, Jakob"]
[Result "1/2-1/2"]
[WhiteElo "1466"]
[BlackElo "1666"]
[PlyCount "41"]
[EventDate "2019.06.08"]
[EventType "swiss"]
[EventRounds "9"]
[EventCountry "GER"]
[SourceTitle "CBM 191 Extra"]
[Source "ChessBase"]
[SourceDate "2019.09.30"]
[SourceVersion "1"]
[SourceVersionDate "2019.09.30"]
[SourceQuality "1"]

1. e4 e5 2. f4 exf4 3. Nf3 Ne7 4. d4 d5 5. Nc3 dxe4 6. Nxe4 Nd5 7. Bd3 Be7 8. 0-0 0-0 9. a3 Ne3 10. Bxe3 fxe3 11. Qe2 f5 12. Bc4+ Kh8 13. Nc3 f4 14. Ne5 Qe8 15. Nd5 Bd6 16. Nxf4 Nc6 17. Qxe3 Bf5 18. Nfd3 Nxe5 19. Nxe5 Bxe5 20. Qxe5 Qxe5 21. dxe5 1/2-1/2

[Event "GER-ch U14"]
[Site "Willingen"]
[Date "2019.06.12"]
[Round "5"]
[White "Haack, Kevin"]
[Black "Matthai, Jakob"]
[Result "1-0"]
[WhiteElo "2033"]
[BlackElo "1666"]
[PlyCount "121"]
[EventDate "2019.06.08"]
[EventType "swiss"]
[EventRounds "9"]
[EventCountry "GER"]
[SourceTitle "CBM 191 Extra"]
[Source "ChessBase"]
[SourceDate "2019.09.30"]
[SourceVersion "1"]
[SourceVersionDate "2019.09.30"]
[SourceQuality "1"]

1. c4 Nf6 2. Nc3 e6 3. e4 d5 4. cxd5 exd5 5. e5 Ne4 6. Nf3 Nxc3 7. bxc3 c5 8. d4 Nc6 9. Bd3 c4 10. Bc2 Be7 11. a4 Bg4 12. 0-0 0-0 13. h3 Bh5 14. Re1 Qd7 15. Qe2 Nd8 16. e6 Nxe6 17. g4 Bg6 18. Ne5 Qc8 19. Bxg6 hxg6 20. Nxg6 fxg6 21. Qxe6+ Qxe6 22. Rxe6 Kf7 23. Re5 Rad8 24. Rb1 Rd7 25. Rxe7+ Rxe7 26. Ba3 Rfe8 27. Bxe7 Rxe7 28. Kg2 g5 29. Rb5 Ke6 30. Kg3 Kd6 31. h4 gxh4+ 32. Kxh4 b6 33. Rb2 Re1 34. Rc2 Ke6 35. Kg5 Kf7 36. a5 b5 37. a6 Rb1 38. Kf5 b4 39. cxb4 Rxb4 40. Ke5 Rb5 41. Kd6 g5 42. Kc6 Rb6+ 43. Kxd5 Rxa6 44. Rxc4 Ra2 45. f3 a5 46. Rc7+ Kf6 47. Rc6+ Kf7 48. Ke5 Rf2 49. Rc3 Kg6 50. Ra3 Re2+ 51. Kd5 Kf6 52. Kd6 Rd2 53. d5 Rd1 54. Rxa5 Rd3 55. Kd7 Rxf3 56. d6 Rg3 57. Rf5+ Kg6 58. Ke6 Rxg4 59. d7 Rd4 60. Rd5 Re4+ 61. Kd6 1-0